000 00328nam a22001457a 4500
008 210308b ||||| |||| 00| 0 eng d
020 _a9780495017813
041 _aeng
080 _a510
082 _a510
100 _a36
101 _aMAT
245 _aMathematical Models with Applications
_cTimmons,L.D
942 _2udc
_cBK
999 _c56000
_d56000